[Event "chess.com SpeedChess 2023"]
[Site "chess.com INT"]
[Date "2023.09.15"]
[Round "2.3"]
[White "Carlsen, Magnus"]
[Black "Nepomniachtchi, Ian"]
[Result "1/2-1/2"]
[WhiteTitle "GM"]
[BlackTitle "GM"]
[WhiteElo "2839"]
[BlackElo "2771"]
[WhiteFideId "1503014"]
[BlackFideId "4168119"]
[EventDate "2023.09.04"]
[EventType "k.o."]

1. e4 e5 2. Nf3 Nf6 3. Nxe5 d6 4. Nf3 Nxe4 5. d3 Nf6 6. d4 d5 7. Bd3 Bd6 8. Qe2+
Qe7 9. Nc3 c6 10. Qxe7+ Kxe7 11. O-O Nbd7 12. Re1+ Kf8 13. Ne5 Ne8 14. f4 f6 15.
Nf3 Kf7 16. f5 Nc7 17. Ne2 g5 18. fxg6+ hxg6 19. Bf4 Bxf4 20. Nxf4 Nf8 21. Rf1
Kg7 22. Rae1 Nce6 23. Nd2 Bd7 24. Nxe6+ Nxe6 25. Re3 Rae8 26. c3 Nd8 27. Rfe1
Rxe3 28. Rxe3 Re8 29. Rxe8 Bxe8 30. h4 g5 31. g3 Nf7 32. Kf2 Nd6 33. hxg5 fxg5
34. Nf3 Bg6 35. Bxg6 Kxg6 36. g4 Kf6 37. Ke2 Nf7 38. Ke3 Nd6 39. b3 a5 40. Ne5
Ke6 41. a4 Ne4 42. c4 Nf6 43. c5 Ne4 44. Nd3 Nc3 45. Nf2 Na2 46. Kd2 Nb4 47. Nh3
Kf6 48. Ng1 Na6 49. Nf3 Nc7 50. Kc3 Na6 51. Ne5 Ke6 52. Nd3 Ke7 53. b4 axb4+ 54.
Nxb4 Nxb4 55. Kxb4 Kd7 56. a5 Kc7 57. Ka4 Kb8 58. Kb4 Ka7 59. Ka4 Ka6 60. Kb4
Ka7 61. Ka4 Ka6 62. Kb4 Ka7 1/2-1/2

[Event "chess.com SpeedChess 2023"]
[Site "chess.com INT"]
[Date "2023.09.15"]
[Round "2.4"]
[White "Nepomniachtchi, Ian"]
[Black "Carlsen, Magnus"]
[Result "0-1"]
[WhiteTitle "GM"]
[BlackTitle "GM"]
[WhiteElo "2771"]
[BlackElo "2839"]
[WhiteFideId "4168119"]
[BlackFideId "1503014"]
[EventDate "2023.09.04"]
[EventType "k.o."]

1. e4 c5 2. Nf3 e6 3. d4 cxd4 4. Nxd4 Nf6 5. Nc3 Nc6 6. Nxc6 bxc6 7. e5 Nd5 8.
Ne4 Bb7 9. c4 Nb4 10. a3 c5 11. Nd6+ Bxd6 12. exd6 Nc6 13. Be3 Qf6 14. Qd2 Nd4
15. Bxd4 cxd4 16. O-O-O a5 17. Qxd4 Qxd4 18. Rxd4 a4 19. Be2 f6 20. c5 Kf7 21.
Bb5 Rhc8 22. Bxd7 Rxc5+ 23. Kb1 e5 24. Rb4 Bxg2 25. Rg1 Bc6 26. Bxc6 Rxc6 27.
Rb7+ Ke6 28. d7 g5 29. Rd1 Rd8 30. Ra7 Rc4 31. Ra6+ Ke7 32. Rd3 h5 33. Rf3 Rxd7
34. Raxf6 Rf4 35. R3xf4 gxf4 36. Rf5 Ke6 37. Rxh5 Rd2 38. f3 Rf2 39. Rh3 Kd5 40.
Kc1 Kd4 41. Kb1 e4 42. fxe4 f3 43. e5 Kxe5 44. Rh8 Rg2 45. Re8+ Kd4 46. Rd8+ Ke3
47. Re8+ Kd2 48. Rf8 f2 49. Ka2 Ke2 50. Re8+ Kf1 0-1

[Event "chess.com SpeedChess 2023"]
[Site "chess.com INT"]
[Date "2023.09.15"]
[Round "2.5"]
[White "Carlsen, Magnus"]
[Black "Nepomniachtchi, Ian"]
[Result "1-0"]
[WhiteTitle "GM"]
[BlackTitle "GM"]
[WhiteElo "2839"]
[BlackElo "2771"]
[WhiteFideId "1503014"]
[BlackFideId "4168119"]
[EventDate "2023.09.04"]
[EventType "k.o."]

1. Nf3 Nf6 2. c4 e6 3. e3 d5 4. b3 Be7 5. Bb2 O-O 6. Nc3 c5 7. d4 cxd4 8. Nxd4
dxc4 9. Bxc4 a6 10. O-O b5 11. Be2 Bb7 12. Bf3 Ra7 13. Rc1 Qb6 14. Nce2 Bxf3 15.
Nxf3 Nc6 16. Qc2 Rc8 17. Bd4 Qb7 18. Bxa7 Nxa7 19. Qb1 Nc6 20. Ned4 Nd5 21. Nxc6
Rxc6 22. Rxc6 Qxc6 23. Nd4 Qb7 24. Ne2 Bf6 25. Rc1 b4 26. Qe4 Qb8 27. Qc4 Nc3
28. Qxa6 g6 29. Nxc3 bxc3 30. Qd3 Qb4 31. Rc2 h5 32. h3 h4 33. Kf1 Qa5 34. a4
Qb6 35. Rxc3 Bxc3 36. Qxc3 Qd6 37. Ke2 Qd5 38. f3 Qg5 39. Kf2 Qg3+ 40. Kf1 Qd6
41. a5 Kh7 42. b4 Kg8 43. Qd4 Qc6 44. Qxh4 1-0

[Event "chess.com SpeedChess 2023"]
[Site "chess.com INT"]
[Date "2023.09.15"]
[Round "2.6"]
[White "Nepomniachtchi, Ian"]
[Black "Carlsen, Magnus"]
[Result "0-1"]
[WhiteTitle "GM"]
[BlackTitle "GM"]
[WhiteElo "2771"]
[BlackElo "2839"]
[WhiteFideId "4168119"]
[BlackFideId "1503014"]
[EventDate "2023.09.04"]
[EventType "k.o."]

1. e4 e5 2. f4 exf4 3. Nf3 g5 4. h4 g4 5. Ne5 d6 6. Nxg4 Nf6 7. Nf2 Nc6 8. d4
Bh6 9. c3 Rg8 10. Nd2 Qe7 11. Qb3 Rg3 12. Nf3 Nxe4 13. Nxe4 Qxe4+ 14. Kf2 Be6
15. Bc4 Bxc4 16. Qxc4 O-O-O 17. Bd2 Ne5 0-1

[Event "chess.com SpeedChess 2023"]
[Site "chess.com INT"]
[Date "2023.09.15"]
[Round "2.7"]
[White "Carlsen, Magnus"]
[Black "Nepomniachtchi, Ian"]
[Result "1-0"]
[WhiteTitle "GM"]
[BlackTitle "GM"]
[WhiteElo "2839"]
[BlackElo "2771"]
[WhiteFideId "1503014"]
[BlackFideId "4168119"]
[EventDate "2023.09.04"]
[EventType "k.o."]

1. Nf3 Nf6 2. g3 d5 3. Bg2 e6 4. O-O Be7 5. d3 O-O 6. a4 Nc6 7. Nbd2 e5 8. e4
dxe4 9. dxe4 a5 10. b3 Bc5 11. Bb2 Qe7 12. Qe2 Rd8 13. Nc4 Bg4 14. c3 Qe6 15.
Rfe1 Ne8 16. h3 Bh5 17. Rad1 Nd6 18. Rd5 Nxc4 19. Qxc4 Bd6 20. Nd2 f6 21. Rb5
Qxc4 22. Nxc4 b6 23. Nxd6 Rxd6 24. Rd5 Rad8 25. Ba3 R6d7 26. Bf1 Nb8 27. b4 axb4
28. cxb4 Nc6 29. Rc1 Nd4 30. Rxc7 Rxc7 31. Rxd8+ Kf7 32. b5 Bf3 33. Bb2 Ne2+ 34.
Bxe2 Bxe2 35. f4 Rc2 36. Ba3 Rc3 37. Bd6 Bd1 38. f5 g6 39. g4 gxf5 40. exf5 Bxa4
41. Rf8+ Kg7 42. Rb8 Bxb5 43. Rb7+ Kh8 44. Rxb6 Be2 45. Be7 Rxh3 46. Bxf6+ Kg8
47. Rb7 Rg3+ 48. Kf2 Rxg4 49. Kxe2 Rf4 50. Rg7+ Kf8 51. Rg5 Kf7 52. Bh8 Rh4 53.
Ke3 h6 54. Rg7+ Kf8 55. Ra7 Rf4 56. Bg7+ Kg8 57. f6 h5 58. Re7 Rf5 59. Ke4 Rg5
60. Bh6 Rg6 61. f7+ 1-0

[Event "chess.com SpeedChess 2023"]
[Site "chess.com INT"]
[Date "2023.09.15"]
[Round "2.8"]
[White "Nepomniachtchi, Ian"]
[Black "Carlsen, Magnus"]
[Result "1-0"]
[WhiteTitle "GM"]
[BlackTitle "GM"]
[WhiteElo "2771"]
[BlackElo "2839"]
[WhiteFideId "4168119"]
[BlackFideId "1503014"]
[EventDate "2023.09.04"]
[EventType "k.o."]

1. e4 e5 2. Nf3 Nc6 3. Bc4 Nf6 4. d3 Bc5 5. O-O h6 6. c3 d6 7. a4 a5 8. Na3 O-O
9. Nc2 Re8 10. Be3 Bxe3 11. Nxe3 Be6 12. Bb5 Bd7 13. Qc2 Ne7 14. Rfe1 Ng6 15. g3
c6 16. Bc4 Qc7 17. b4 axb4 18. cxb4 d5 19. Bb3 Qd6 20. Rab1 Be6 21. a5 Red8 22.
Nf5 Bxf5 23. exf5 Ne7 24. Rxe5 Nd7 25. d4 Nxe5 26. dxe5 Qxb4 27. f6 gxf6 28.
exf6 Ng6 29. Bxd5 Qxb1+ 30. Qxb1 cxd5 31. Qc1 Kh7 32. Nd4 Rac8 33. Qd2 Ne5 34.
Kg2 Rd6 35. Qf4 Re8 36. h4 Ra6 37. h5 Nc4 38. Qf5+ Kh8 39. Qd7 Rf8 40. Qe7 Rg8
41. Nf5 1-0

[Event "chess.com SpeedChess 2023"]
[Site "chess.com INT"]
[Date "2023.09.15"]
[Round "2.9"]
[White "Carlsen, Magnus"]
[Black "Nepomniachtchi, Ian"]
[Result "1/2-1/2"]
[WhiteTitle "GM"]
[BlackTitle "GM"]
[WhiteElo "2839"]
[BlackElo "2771"]
[WhiteFideId "1503014"]
[BlackFideId "4168119"]
[EventDate "2023.09.04"]
[EventType "k.o."]

1. e4 e5 2. Nf3 Nf6 3. Nxe5 d6 4. Nf3 Nxe4 5. d3 Nf6 6. d4 d5 7. Bd3 Bd6 8. Qe2+
Qe7 9. Nc3 Qxe2+ 10. Nxe2 O-O 11. O-O Nc6 12. c3 Bg4 13. Nh4 Rfe8 14. f3 Bd7 15.
g4 g6 16. Ng2 Kg7 17. h4 h5 18. g5 Ng8 19. Bf4 Bxf4 20. Nexf4 Nce7 21. Rfe1 c6
22. Ne3 Nc8 23. c4 dxc4 24. Nxc4 Nge7 25. Rad1 Rd8 26. Ne5 Nd6 27. Kf2 Bf5 28.
Bf1 Rac8 29. Nc4 Rc7 30. d5 Nxc4 31. Bxc4 cxd5 32. Bxd5 Rc2+ 33. Re2 Rxe2+ 34.
Kxe2 Nxd5 35. Rxd5 Rxd5 36. Nxd5 Be6 37. Nc3 f6 38. f4 Kf7 39. Ke3 Bd7 40. Ne4
fxg5 41. fxg5 b6 42. Kf4 Ke6 43. a3 Bc6 44. Nc3 a5 1/2-1/2

[Event "chess.com SpeedChess 2023"]
[Site "chess.com INT"]
[Date "2023.09.15"]
[Round "2.10"]
[White "Nepomniachtchi, Ian"]
[Black "Carlsen, Magnus"]
[Result "1/2-1/2"]
[WhiteTitle "GM"]
[BlackTitle "GM"]
[WhiteElo "2771"]
[BlackElo "2839"]
[WhiteFideId "4168119"]
[BlackFideId "1503014"]
[EventDate "2023.09.04"]
[EventType "k.o."]

1. e4 c6 2. d4 d5 3. Nc3 dxe4 4. Nxe4 Nd7 5. Ng5 h6 6. Ne6 Qb6 7. Nxf8 Nxf8 8.
Nf3 Bf5 9. Be2 Ng6 10. O-O Nf6 11. c4 O-O 12. b3 Rad8 13. Qe1 Rfe8 14. Qc3 Bg4
15. Be3 Bxf3 16. Bxf3 Nh4 17. Be2 Nf5 18. Rad1 Nxe3 19. fxe3 e5 20. dxe5 Ne4 21.
Qc1 Qc5 22. Bf3 Qxe5 23. Bxe4 Qxe4 24. Rf3 Rd3 25. Rxd3 Qxd3 26. Qf1 Qd7 27. h3
Rd8 28. Rg3 Qd6 29. Qf3 Qe5 30. Qf4 Qxf4 31. exf4 Rd2 32. a4 Kf8 33. Re3 g6 34.
Kh2 h5 35. Kg3 h4+ 36. Kf3 a5 37. g3 hxg3 38. Kxg3 Kg7 39. Kg4 b6 40. Re7 Rd3
41. Rb7 Rxb3 42. c5 b5 43. axb5 cxb5 44. c6 b4 45. Rb5 f5+ 46. Kg5 Rg3+ 47. Kh4
Rc3 48. Rxa5 Kh6 49. Rb5 Rc4 50. Kg3 Rxc6 51. Rxb4 Rc3+ 52. Kh4 Rf3 53. Rc4
Rxf4+ 54. Rxf4 g5+ 55. Kg3 gxf4+ 56. Kxf4 Kh5 57. h4 Kxh4 58. Kxf5 1/2-1/2

[Event "chess.com SpeedChess 2023"]
[Site "chess.com INT"]
[Date "2023.09.15"]
[Round "2.11"]
[White "Carlsen, Magnus"]
[Black "Nepomniachtchi, Ian"]
[Result "1-0"]
[WhiteTitle "GM"]
[BlackTitle "GM"]
[WhiteElo "2839"]
[BlackElo "2771"]
[WhiteFideId "1503014"]
[BlackFideId "4168119"]
[EventDate "2023.09.04"]
[EventType "k.o."]

1. Nf3 c5 2. e4 e6 3. c3 Nf6 4. e5 Nd5 5. Bc4 d6 6. d4 Nc6 7. O-O cxd4 8. cxd4
Be7 9. Qe2 O-O 10. Rd1 Bd7 11. Nc3 Nxc3 12. bxc3 dxe5 13. dxe5 Qc7 14. Bd3 Rfd8
15. h4 Be8 16. Qe4 g6 17. h5 Rd5 18. hxg6 fxg6 19. Re1 Bf7 20. Bc4 Ra5 21. Bb3
Rd8 22. Bh6 Rc5 23. Rad1 a5 24. Qf4 Bf8 25. Rxd8 Qxd8 26. Ng5 Qe7 27. Bxf8 Qxf8
28. Bxe6 Nd8 29. Bxf7+ Nxf7 30. Ne6 1-0

[Event "chess.com SpeedChess 2023"]
[Site "chess.com INT"]
[Date "2023.09.15"]
[Round "2.12"]
[White "Nepomniachtchi, Ian"]
[Black "Carlsen, Magnus"]
[Result "1-0"]
[WhiteTitle "GM"]
[BlackTitle "GM"]
[WhiteElo "2771"]
[BlackElo "2839"]
[WhiteFideId "4168119"]
[BlackFideId "1503014"]
[EventDate "2023.09.04"]
[EventType "k.o."]

1. e4 e5 2. Nf3 Nc6 3. Bb5 a6 4. Ba4 Nf6 5. O-O Be7 6. d3 b5 7. Bb3 O-O 8. a4
Rb8 9. h3 d6 10. Be3 h6 11. axb5 a5 12. Nc3 Nb4 13. Rxa5 c6 14. Ra4 c5 15. Bc4
Nd7 16. Ra1 Nb6 17. Na4 Nxc4 18. dxc4 f5 19. c3 fxe4 20. Ne1 Nd3 21. Nxd3 exd3
22. Qxd3 Qe8 23. b4 Bf5 24. Qd5+ Kh8 25. bxc5 Qg6 26. cxd6 Be4 27. Qxe4 Qxe4 28.
dxe7 Rfe8 29. Nb6 Rxe7 30. c5 Re6 31. Ra4 Qd3 32. Rb4 Qxc3 33. Rbb1 Rg6 34. Rfc1
Qd3 35. Rb4 Qa3 36. Rbc4 Qb3 37. c6 1-0

[Event "chess.com SpeedChess 2023"]
[Site "chess.com INT"]
[Date "2023.09.15"]
[Round "2.13"]
[White "Carlsen, Magnus"]
[Black "Nepomniachtchi, Ian"]
[Result "1-0"]
[WhiteTitle "GM"]
[BlackTitle "GM"]
[WhiteElo "2839"]
[BlackElo "2771"]
[WhiteFideId "1503014"]
[BlackFideId "4168119"]
[EventDate "2023.09.04"]
[EventType "k.o."]

1. e4 c5 2. Nf3 e6 3. c3 d5 4. exd5 Qxd5 5. d4 Nf6 6. Be2 Nc6 7. O-O Be7 8. c4
Qd7 9. dxc5 Bxc5 10. a3 O-O 11. b4 Bd4 12. Ra2 e5 13. b5 Ne7 14. Rd2 Nf5 15.
Nxe5 Qc7 16. Rxd4 Qxe5 17. Rd3 Be6 18. Nd2 Rad8 19. Nf3 Qc7 20. Qc2 Nd6 21. c5
Bf5 22. Bf4 Qc8 23. Rc1 Bxd3 24. Bxd3 Nde8 25. c6 bxc6 26. Ne5 Nd5 27. Nxc6 Nef6
28. Nxd8 Qxc2 29. Rxc2 Nxf4 30. Rd2 Re8 31. Kf1 N6d5 32. Nc6 Nc3 33. Bc4 g6 34.
g3 Ne6 35. Rd7 Ne4 36. Kg2 N4c5 37. Rxa7 Ng5 38. h4 Nge6 39. b6 1-0

[Event "chess.com SpeedChess 2023"]
[Site "chess.com INT"]
[Date "2023.09.15"]
[Round "2.14"]
[White "Nepomniachtchi, Ian"]
[Black "Carlsen, Magnus"]
[Result "1-0"]
[WhiteTitle "GM"]
[BlackTitle "GM"]
[WhiteElo "2771"]
[BlackElo "2839"]
[WhiteFideId "4168119"]
[BlackFideId "1503014"]
[EventDate "2023.09.04"]
[EventType "k.o."]

1. e4 e5 2. Nf3 Nc6 3. Bb5 a6 4. Ba4 Nf6 5. O-O Be7 6. Re1 b5 7. Bb3 O-O 8. h3
Bb7 9. d3 d6 10. c3 h6 11. Nbd2 Re8 12. Nf1 Bf8 13. Ng3 Na5 14. Bc2 c5 15. d4
exd4 16. cxd4 cxd4 17. Nxd4 Rc8 18. b3 Nc6 19. Bb2 Nxd4 20. Bxd4 g6 21. b4 Bg7
22. Bb3 Nxe4 23. Nxe4 Rxe4 24. Rxe4 Bxe4 25. Qd2 Qg5 26. Qxg5 hxg5 27. Rd1 Bc2
28. Bxc2 Rxc2 29. Bxg7 Kxg7 30. a4 bxa4 31. Ra1 Rc6 32. Rxa4 Rb6 33. Ra5 Kf6 34.
g4 Ke6 35. Rxg5 d5 36. h4 Rb5 37. Kg2 Kf6 38. Kg3 Rxb4 39. Rxd5 Ra4 40. Rd6+ Kg7
41. Rb6 Ra1 42. Kf4 a5 43. Ra6 a4 44. Kg5 a3 45. Ra7 a2 46. Kf4 1-0

[Event "chess.com SpeedChess 2023"]
[Site "chess.com INT"]
[Date "2023.09.15"]
[Round "2.15"]
[White "Carlsen, Magnus"]
[Black "Nepomniachtchi, Ian"]
[Result "1-0"]
[WhiteTitle "GM"]
[BlackTitle "GM"]
[WhiteElo "2839"]
[BlackElo "2771"]
[WhiteFideId "1503014"]
[BlackFideId "4168119"]
[EventDate "2023.09.04"]
[EventType "k.o."]

1. e4 e5 2. Nf3 Nf6 3. Nxe5 d6 4. Nf3 Nxe4 5. d3 Nf6 6. d4 d5 7. Bd3 Bd6 8. Qe2+
Qe7 9. Qxe7+ Kxe7 10. O-O Nc6 11. Re1+ Kf8 12. c3 Bg4 13. Nbd2 Re8 14. Rxe8+
Nxe8 15. h3 Bd7 16. b4 f6 17. a4 Ne7 18. b5 Kf7 19. c4 dxc4 20. Nxc4 Be6 21.
Nxd6+ Nxd6 22. Ba3 Rd8 23. Rc1 Rd7 24. a5 Nd5 25. Bf1 Ne4 26. Bd3 Nd6 27. a6 b6
28. Kh2 h5 29. g3 g5 30. h4 g4 31. Ne1 Nf5 32. Nc2 Nde7 33. Kg1 Bd5 34. Bxe7
Nxe7 35. Ne3 Bf3 36. Rc4 c5 37. Nc2 Ke6 38. Kf1 cxd4 39. Nxd4+ Kf7 40. Nxf3 Rxd3
41. Nd4 Kg6 42. Ke2 Ra3 43. Rc7 Ra2+ 44. Kd3 Ra3+ 45. Ke4 Ra1 46. Rxa7 Nc8 47.
Rd7 Rc1 48. Nc6 Rc4+ 49. Kd3 Rc5 50. a7 Nxa7 51. Nxa7 Rf5 52. Ke2 Re5+ 53. Kf1 1-0

[Event "chess.com SpeedChess 2023"]
[Site "chess.com INT"]
[Date "2023.09.15"]
[Round "2.16"]
[White "Nepomniachtchi, Ian"]
[Black "Carlsen, Magnus"]
[Result "0-1"]
[WhiteTitle "GM"]
[BlackTitle "GM"]
[WhiteElo "2771"]
[BlackElo "2839"]
[WhiteFideId "4168119"]
[BlackFideId "1503014"]
[EventDate "2023.09.04"]
[EventType "k.o."]

1. e4 c5 2. Nf3 Nc6 3. Bb5 g6 4. O-O Bg7 5. Re1 e5 6. Bxc6 dxc6 7. d3 Qc7 8. a4
a5 9. Nbd2 b6 10. Nc4 Be6 11. b3 f6 12. c3 Rd8 13. Qc2 Nh6 14. Ba3 Nf7 15. Rad1
O-O 16. d4 b5 17. axb5 cxb5 18. Ne3 cxd4 19. Bxf8 Bxf8 20. cxd4 Qxc2 21. Nxc2
Bxb3 22. Rc1 a4 23. d5 f5 24. Nd2 Nd6 25. Ne3 Nxe4 26. Nxb3 axb3 27. Rb1 Bb4 28.
Rec1 Nd2 29. g3 Nxb1 30. Rxb1 Bc5 31. Rxb3 Bxe3 32. Rxe3 Rxd5 33. Rc3 Rd8 34.
Rc5 Rb8 35. Rxe5 b4 36. Re2 b3 37. Rb2 Kf7 38. f4 Ke6 39. Kf2 Kd5 40. Ke2 Kc4
41. Kd1 Kc3 0-1

[Event "chess.com SpeedChess 2023"]
[Site "chess.com INT"]
[Date "2023.09.15"]
[Round "2.17"]
[White "Carlsen, Magnus"]
[Black "Nepomniachtchi, Ian"]
[Result "1/2-1/2"]
[WhiteTitle "GM"]
[BlackTitle "GM"]
[WhiteElo "2839"]
[BlackElo "2771"]
[WhiteFideId "1503014"]
[BlackFideId "4168119"]
[EventDate "2023.09.04"]
[EventType "k.o."]

1. e4 c5 2. Nf3 d6 3. d4 cxd4 4. Nxd4 Nf6 5. Nc3 a6 6. a4 g6 7. Be2 Bg7 8. O-O
O-O 9. Be3 Nc6 10. Qd2 Bd7 11. Rfd1 Rc8 12. h3 Ne5 13. Nb3 Bc6 14. f3 Nh5 15. f4
Nd7 16. Bxh5 gxh5 17. Nd4 Nc5 18. Nxc6 Rxc6 19. e5 Qc8 20. Nd5 Re8 21. Bxc5 Rxc5
22. exd6 exd6 23. Re1 Kh8 24. Rxe8+ Qxe8 25. c3 h6 26. Qd3 Qc6 27. Ne3 Qd7 28.
a5 Rb5 29. b4 Rxb4 30. cxb4 Bxa1 31. Qd5 Qe6 32. Kf2 Bc3 33. f5 Qf6 34. Qxb7 Bd4
35. Kf3 Bxe3 36. Kxe3 Qc3+ 37. Kf2 Qd2+ 38. Kg3 d5 39. Qxa6 Qe3+ 40. Kh2 Qe5+
41. Kg1 Qd4+ 42. Kf1 Qf4+ 43. Ke2 Qe4+ 44. Kd2 Qxb4+ 45. Kc2 Qa4+ 46. Kc3 Kg7
47. Qb6 Qc4+ 48. Kd2 d4 49. Qb2 Qd5 50. Kd3 Qxf5+ 51. Kc4 Qxa5 52. Qxd4+ Kg8 53.
Qd5 Qa2+ 54. Kd4 Qd2+ 55. Kc4 Qe2+ 56. Kd4 Qf2+ 57. Kd3 Kh7 58. Qe4+ Kg8 59.
Qe8+ Kg7 60. Qe5+ Kg6 61. Qe4+ Kg5 62. Qe3+ Qf4 63. Ke2 Qxe3+ 64. Kxe3 Kf5 65.
Kf3 h4 66. Ke3 Ke5 67. Kf3 f5 68. Ke3 f4+ 69. Kf3 Kf5 70. Kf2 Ke4 71. Ke2 Kd4
72. Kf2 Ke4 73. Ke2 Ke5 74. Kf3 Kf5 75. Kf2 Ke4 1/2-1/2

[Event "chess.com SpeedChess 2023"]
[Site "chess.com INT"]
[Date "2023.09.15"]
[Round "2.18"]
[White "Nepomniachtchi, Ian"]
[Black "Carlsen, Magnus"]
[Result "0-1"]
[WhiteTitle "GM"]
[BlackTitle "GM"]
[WhiteElo "2771"]
[BlackElo "2839"]
[WhiteFideId "4168119"]
[BlackFideId "1503014"]
[EventDate "2023.09.04"]
[EventType "k.o."]

1. c4 e5 2. g3 d5 3. cxd5 Qxd5 4. Nf3 Nc6 5. Nc3 Qd8 6. Bg2 Nf6 7. O-O h6 8. b4
Bd6 9. b5 Nd4 10. a4 O-O 11. d3 a6 12. Bd2 Re8 13. Re1 axb5 14. Nxd4 b4 15. Ndb5
bxc3 16. Bxc3 Bf8 17. a5 c6 18. Na3 e4 19. dxe4 Qxd1 20. Rexd1 Nxe4 21. Bxe4
Rxe4 22. Rd8 f6 23. f3 Ra4 24. Nc2 Rxa1+ 25. Nxa1 Kf7 26. Nb3 Be7 27. Rh8 Bf8
28. Kg2 Be6 29. Nc5 Re8 30. Nxb7 Bc8 31. a6 Rxe2+ 32. Kf1 Re8 33. g4 c5 34.
Rxf8+ Kxf8 35. Nxc5 Re7 36. Ba5 Kf7 37. Bb6 Bxa6+ 38. Nxa6 Re6 39. Bc5 Rxa6 40.
Kg2 Rc6 41. Ba7 Ra6 42. Bc5 f5 43. Kg3 Ra4 44. h4 f4+ 45. Kh3 Rc4 46. Bb6 Rc3
47. Kg2 Rc2+ 48. Kh3 g5 49. hxg5 hxg5 50. Bd8 Rc5 51. Bb6 Rd5 52. Ba7 Ke6 53.
Kg2 Rd2+ 54. Kf1 Kd5 55. Bb6 Kc4 56. Ba7 Kd3 57. Bb6 Ra2 58. Bc5 Ra6 59. Kf2 Kc4
60. Be7 Kd4 61. Bxg5 Ra2+ 0-1

[Event "chess.com SpeedChess 2023"]
[Site "chess.com INT"]
[Date "2023.09.15"]
[Round "2.19"]
[White "Carlsen, Magnus"]
[Black "Nepomniachtchi, Ian"]
[Result "1-0"]
[WhiteTitle "GM"]
[BlackTitle "GM"]
[WhiteElo "2839"]
[BlackElo "2771"]
[WhiteFideId "1503014"]
[BlackFideId "4168119"]
[EventDate "2023.09.04"]
[EventType "k.o."]

1. d4 Nf6 2. Bf4 d5 3. e3 c5 4. c3 Nc6 5. Nd2 Bf5 6. Ngf3 Qb6 7. Nh4 Bd7 8. Qb1
g6 9. h3 Bg7 10. Be2 O-O 11. O-O Rfe8 12. Nhf3 Bf5 13. Bd3 Bxd3 14. Qxd3 Rac8
15. a4 a6 16. a5 Qa7 17. Ne5 e6 18. Rfd1 c4 19. Qe2 Ne7 20. Qf3 Nf5 21. Bg5 h6
22. Bxf6 Bxf6 23. e4 Bxe5 24. exf5 Bg7 25. fxg6 fxg6 26. Qg4 Kh7 27. Re1 e5 28.
dxe5 b5 29. Nf3 Qe7 30. Rad1 Rcd8 31. Rd2 b4 32. Red1 bxc3 33. bxc3 Qc5 34. h4
Qxa5 35. h5 g5 36. Qf5+ Kh8 37. Qg6 Qxc3 38. Rxd5 Rxd5 39. Qxe8+ Kh7 40. Qg6+
Kh8 41. Rxd5 Qc1+ 42. Kh2 Qf4+ 43. g3 1-0

[Event "chess.com SpeedChess 2023"]
[Site "chess.com INT"]
[Date "2023.09.15"]
[Round "2.20"]
[White "Nepomniachtchi, Ian"]
[Black "Carlsen, Magnus"]
[Result "0-1"]
[WhiteTitle "GM"]
[BlackTitle "GM"]
[WhiteElo "2771"]
[BlackElo "2839"]
[WhiteFideId "4168119"]
[BlackFideId "1503014"]
[EventDate "2023.09.04"]
[EventType "k.o."]

1. e4 e5 2. Nc3 Nc6 3. Bc4 Nf6 4. d3 Na5 5. Bb3 Nxb3 6. axb3 d5 7. exd5 Nxd5 8.
Qh5 Nb4 9. Qxe5+ Be7 10. Qe2 O-O 11. Be3 Re8 12. Nf3 b6 13. O-O Bb7 14. Rac1 Bf8
15. Rfe1 Qd7 16. h3 Re6 17. Nd2 Rg6 18. f3 Qxh3 19. Qf2 Re8 20. Nce4 Qd7 21. d4
f5 22. Ng5 Nd5 23. Nh3 Rxe3 24. Rxe3 f4 25. Re4 Qxh3 26. Nf1 Ne3 27. Nxe3 Bxe4 0-1

[Event "chess.com SpeedChess 2023"]
[Site "chess.com INT"]
[Date "2023.09.15"]
[Round "2.21"]
[White "Carlsen, Magnus"]
[Black "Nepomniachtchi, Ian"]
[Result "1-0"]
[WhiteTitle "GM"]
[BlackTitle "GM"]
[WhiteElo "2839"]
[BlackElo "2771"]
[WhiteFideId "1503014"]
[BlackFideId "4168119"]
[EventDate "2023.09.04"]
[EventType "k.o."]

1. e4 g6 2. d4 Bg7 3. Nf3 d6 4. Be2 Nf6 5. Nc3 a6 6. a4 O-O 7. O-O Nc6 8. d5 Nb4
9. a5 e6 10. Ra4 c5 11. dxc6 Nxc6 12. Bf4 Ne8 13. e5 d5 14. Qd2 Qc7 15. h4 Nxe5
16. h5 Nxf3+ 17. Bxf3 Be5 18. Bxe5 Qxe5 19. Re1 Qg7 20. h6 Qf6 21. Bxd5 Nd6 22.
Ne4 Nxe4 23. Bxe4 e5 24. Rb4 Rb8 25. Rb6 Be6 26. Bxb7 g5 27. Bxa6 Rbd8 28. Qe3
Qxh6 29. Bc4 Qf6 30. a6 Rd4 31. Bxe6 fxe6 32. a7 Ra4 33. Rb8 e4 34. Qc5 1-0

[Event "chess.com SpeedChess 2023"]
[Site "chess.com INT"]
[Date "2023.09.15"]
[Round "2.22"]
[White "Nepomniachtchi, Ian"]
[Black "Carlsen, Magnus"]
[Result "1/2-1/2"]
[WhiteTitle "GM"]
[BlackTitle "GM"]
[WhiteElo "2771"]
[BlackElo "2839"]
[WhiteFideId "4168119"]
[BlackFideId "1503014"]
[EventDate "2023.09.04"]
[EventType "k.o."]

1. e4 e5 2. Nf3 d6 3. Bc4 Be7 4. O-O Nf6 5. Nc3 O-O 6. Re1 Nbd7 7. d4 exd4 8.
Nxd4 Re8 9. h3 Bf8 10. Bf4 Ne5 11. Bf1 c6 12. a4 h6 13. Bh2 a5 14. Qd2 Qb6 15.
Kh1 Ng6 16. b3 Bd7 17. Rad1 Rad8 18. f4 Bc8 19. Bg1 Qb4 20. g3 d5 21. e5 Ne4 22.
Nxe4 dxe4 23. c3 Qe7 24. Qg2 f5 25. exf6 Qxf6 26. Rxe4 Rxe4 27. Qxe4 c5 28. Bd3
cxd4 29. Qxg6 Qxg6 30. Bxg6 Rd6 31. Bc2 dxc3 32. Rxd6 Bxd6 33. Kg2 Bd7 34. Bd4
Bb4 35. g4 b5 36. axb5 Bxb5 37. f5 Bc6+ 38. Kf2 Bd5 39. h4 Be7 40. Kg3 Bf6 41.
Bb6 Be5+ 42. Kh3 Kf7 43. Bxa5 Bf3 44. Bd8 Be2 45. g5 Bf1+ 46. Kg4 Be2+ 47. Kh3
Bf1+ 48. Kg4 Be2+ 49. Kh3 1/2-1/2

[Event "chess.com SpeedChess 2023"]
[Site "chess.com INT"]
[Date "2023.09.15"]
[Round "2.23"]
[White "Carlsen, Magnus"]
[Black "Nepomniachtchi, Ian"]
[Result "1-0"]
[WhiteTitle "GM"]
[BlackTitle "GM"]
[WhiteElo "2839"]
[BlackElo "2771"]
[WhiteFideId "1503014"]
[BlackFideId "4168119"]
[EventDate "2023.09.04"]
[EventType "k.o."]

1. d4 d5 2. Bf4 Nc6 3. e3 Bf5 4. Bd3 e6 5. Bxf5 exf5 6. Nf3 Bd6 7. Nbd2 Nge7 8.
O-O f6 9. Bxd6 Qxd6 10. c4 g5 11. Qb3 O-O-O 12. Rac1 f4 13. e4 g4 14. cxd5 gxf3
15. dxc6 Nxc6 16. Nxf3 Nxd4 17. Nxd4 Qxd4 18. Rfd1 Qxe4 19. Qf7 Rxd1+ 20. Rxd1
a6 21. Qxf6 Re8 22. h3 Kb8 23. Kh2 b6 24. Rd4 Qc2 25. Rxf4 Re2 26. b4 Kb7 27. a3
Qd2 28. Rf3 h5 29. Qf5 h4 30. Qf4 Qd8 31. Rc3 Kb8 32. Rc4 b5 33. Qxh4 Qd6+ 34.
Rf4 Re4 35. g3 Re1 36. Qh8+ Ka7 37. Qc3 Kb8 38. Qxe1 1-0